000 00536nam a2200181Ia 4500
005 20250508151752.0
008 008 250505s9999 xx 000 0 eng d
037 _aTextual
040 _aFEDL
_beng
_cFEDL
041 _aeng
_2eng
084 _a952, STO
_qFEDL
100 _aStoetzel Jean
245 0 _aWithout the chrysanthemum and the sword: A study of the attitudes of youth in post-war Japan
260 _aParis, France
_bUNESCO
_c1955
300 _a334p.
942 _cTEXL
_h952, STO
999 _c1332038
_d1332038